000 01006nam0a22002651 4500
001 rc\455892
005 20260406115009.0
010 _a5-376-00366-3
_92150
035 _a(NLR Aleph) 005700596
090 _a7273228
_c7273228
100 _a20030616d1988 |||y0rusy50 ca
101 0 _arus
102 _aRU
105 _ay |||||||||
200 1 _aБиблиотековедение и история книги в Молдавии
_e[Сб. науч. тр.]
_fАН МССР, Центр. науч. б-ка
_g[Редкол.: Л.Н. Никитина (отв. ред.) и др.]
210 _aКишинев
_cШтиинца
_d1988
215 _a163 с.
_d20
320 _aБиблиогр. в конце ст.
702 1 _aНикитина
_bЛ.Н.
_4340
712 0 2 _aАН МССР
_cКишинев
_bЦентральная научная библиотека
_3RU\NLR\AUTH\8811273
_9295236
801 0 _aRU
_bNLR
_gpsbo
801 1 _aRU
_bELAR
_2rusmarc
852 _aNLR
_bБ
_j6016/Б-594
942 _cBOOK
980 _aNB